00401 2200181 4500001002100000005001500021035002000036245003500056100001300091250000600104260004100110082000800151084001400159600001000173990001200183990001200195990001200207INLIS00000000000172720250505095902 a0010-05250000191 aKasihku Di Serandu /cSoemarmo0 aSoemarmo a1 aYogyakarta :bMita Gama Widya,c2000 a813 a813 SOE k 4aFiksi a00.0195 a00.0196 a00.0197